| 000 | 00790cam a22002657i 4500 | ||
|---|---|---|---|
| 999 |
_c112479 _d112479 |
||
| 001 | 17829681 | ||
| 005 | 20190514100200.0 | ||
| 008 | 130729s2014 nyua 001 0 eng d | ||
| 020 | _a9780071830454 (pbk.) | ||
| 020 | _a0071830456 (pbk.) | ||
| 040 | _cPK-LaUMT | ||
| 082 | 0 | 4 |
_a621.3815 _223 _bMAH-E |
| 100 | 1 | _aMahmood Nahvi | |
| 245 | 1 | 0 |
_aSchaum's outlines electric circuits / _cMahmood Nahvi and Joseph A. Edminister |
| 250 | _a6th ed. | ||
| 260 |
_aNew York : _bMcGraw-Hill Education, _c2014 |
||
| 300 |
_aviii, 496 p. : _billustrations ; _c28 cm |
||
| 490 | 1 | _aSchaum's outline series | |
| 500 | _aPrevious edition: c2011. | ||
| 500 | _aIncludes index. | ||
| 650 | 0 | _aElectric circuits. | |
| 650 | 0 | _aElectric circuits | |
| 700 | 1 | _aEdminister, Joseph, | |
| 942 | _cBK | ||